[Event "Reykjavik op"]
[Site "Reykjavik"]
[Date "2017.04.27"]
[Round "10"]
[White "Kamsky, Gata"]
[Black "Can, Emre"]
[Result "1-0"]
[WhiteElo "2668"]
[BlackElo "2578"]
[PlyCount "241"]
[EventDate "2017.04.19"]
[EventType "swiss"]
[EventRounds "10"]
[EventCountry "ISL"]
[SourceTitle "CBM 178 Extra"]
[Source "ChessBase"]
[SourceDate "2017.06.22"]
[SourceVersion "1"]
[SourceVersionDate "2017.06.22"]
[SourceQuality "1"]

1. e4 c5 2. Nf3 d6 3. d4 cxd4 4. Nxd4 Nf6 5. Nc3 a6 6. a4 e5 7. Nf3 Be7 8. Bc4
Be6 9. Ba2 Nc6 10. O-O O-O 11. Bg5 Nb4 12. Bb3 Rc8 13. Qe2 Qc7 14. Rfd1 Rfd8
15. Rd2 h6 16. Bxf6 Bxf6 17. Rad1 Be7 18. h3 Qb6 19. h4 Kh8 20. g3 Bg4 21. Re1
Rf8 22. Qe3 Qxe3 23. Rxe3 Be6 24. Kg2 g5 25. Bxe6 fxe6 26. hxg5 hxg5 27. Nh2
Rc5 28. Ng4 b5 29. axb5 axb5 30. Re1 Kg7 31. Ra1 Nc6 32. Ne2 b4 33. Ra6 Rc8 34.
Ne3 Na5 35. b3 R8c6 36. Ra7 Rc7 37. Rxc7 Rxc7 38. Rd1 Rc5 39. Nc1 Nc6 40. Nd3
Ra5 41. Rc1 d5 42. c3 bxc3 43. Rxc3 dxe4 44. Nb2 Rc5 45. Na4 Rxc3 46. Nxc3 Nd4
47. Nxe4 Nxb3 48. Nc4 Kg6 49. Kf3 Kf5 50. g4+ Kg6 51. Nxe5+ Kg7 52. Nc6 Bf6 53.
Ke3 Kg6 54. f3 Kg7 55. Kd3 Nc1+ 56. Kd2 Nb3+ 57. Kc2 Na1+ 58. Kd3 Nb3 59. Nb8
Kg6 60. Nd7 Bg7 61. Nec5 Nd4 62. Ke3 Nc2+ 63. Ke4 Nd4 64. Nf8+ Kf7 65. Nfd7 Ke7
66. Nb6 Kd6 67. Nd3 Nb5 68. Nc4+ Ke7 69. Nf2 Kf7 70. Kd3 Nd4 71. Ke4 Nb5 72.
Nh3 Kg6 73. Ne5+ Kf6 74. Nd7+ Kg6 75. Ne5+ Kf6 76. Nc6 Bf8 77. Kd3 Bg7 78. Nf2
Kg6 79. Ne4 Nc7 80. Kc4 Nd5 81. Kc5 Bf8+ 82. Kd4 Bg7+ 83. Ne5+ Kh6 84. Nc5 Nf4
85. Ke4 Bf8 86. Ncd7 Kg7 87. Nd3 Ng6 88. N7e5 Nh4 89. Nc6 Bd6 90. Nd4 Kf6 91.
Nb5 Bf8 92. Ne5 Bb4 93. Nc7 Ba5 94. Na6 Bc3 95. Nc6 Ng6 96. Kd3 Be1 97. Nc5
Nf4+ 98. Kc4 Bh4 99. Ne4+ Kg6 100. Kc5 Kh6 101. Kd6 Be1 102. Nd8 Bb4+ 103. Kd7
e5 104. Nf7+ Kg7 105. Nxe5 Nh3 106. Ke6 Ba3 107. Kf5 Bc1 108. Nd3 Be3 109. Ndc5
Kh6 110. Ne6 Bc1 111. Nd6 Ng1 112. Nf7+ Kh7 113. Nfxg5+ Kh6 114. f4 Ne2 115.
Ne4 Kh7 116. g5 Bb2 117. Nf6+ Kh8 118. g6 Ng3+ 119. Kg5 Bxf6+ 120. Kxf6 Nh5+
121. Ke5 1-0

[Event "St Petersburg Summer op"]
[Site "St Petersburg"]
[Date "2017.08.16"]
[Round "1"]
[White "Kamsky, Gata"]
[Black "Heinis, Vincent"]
[Result "1-0"]
[WhiteElo "2678"]
[BlackElo "2081"]
[PlyCount "57"]
[EventDate "2017.08.16"]
[EventType "swiss"]
[EventRounds "9"]
[EventCountry "RUS"]
[SourceTitle "CBM 180 Extra"]
[Source "ChessBase"]
[SourceDate "2017.10.06"]
[SourceVersion "1"]
[SourceVersionDate "2017.10.06"]
[SourceQuality "1"]

1. e4 c5 2. Nc3 Nc6 3. Nf3 e6 4. d4 cxd4 5. Nxd4 Qc7 6. Be2 a6 7. O-O Nf6 8.
Be3 Bb4 9. Na4 Be7 10. Nxc6 bxc6 11. Nb6 Rb8 12. Nxc8 Qxc8 13. e5 Nd5 14. Bc1
c5 15. Bf3 Nb4 16. c3 Nc6 17. Qe2 O-O 18. Bf4 Rb6 19. Rad1 Rd8 20. Rd2 Qb8 21.
Rfd1 Qc7 22. Qe4 Bf8 23. h4 Ne7 24. h5 Nd5 25. Bg3 Qb8 26. Bh4 f5 27. exf6 Nxf6
28. Bxf6 d5 29. Qg4 1-0

[Event "St Petersburg Summer op"]
[Site "St Petersburg"]
[Date "2017.08.17"]
[Round "2"]
[White "Khakimov, Timur"]
[Black "Kamsky, Gata"]
[Result "1/2-1/2"]
[WhiteElo "2275"]
[BlackElo "2678"]
[PlyCount "100"]
[EventDate "2017.08.16"]
[EventType "swiss"]
[EventRounds "9"]
[EventCountry "RUS"]
[SourceTitle "CBM 180 Extra"]
[Source "ChessBase"]
[SourceDate "2017.10.06"]
[SourceVersion "1"]
[SourceVersionDate "2017.10.06"]
[SourceQuality "1"]

1. e4 c5 2. Nf3 e6 3. Nc3 a6 4. g3 b5 5. d4 cxd4 6. Nxd4 Bb7 7. Bg2 Nc6 8. O-O
Nxd4 9. Qxd4 Ne7 10. Bf4 Ng6 11. Bd6 Bxd6 12. Qxd6 Qb8 13. Qd4 O-O 14. f4 Bc6
15. e5 Bxg2 16. Kxg2 Qb7+ 17. Qe4 Qa7 18. Rad1 Rac8 19. Rd2 Ne7 20. Rfd1 Rc7
21. Qd4 Qa8+ 22. Qe4 Qxe4+ 23. Nxe4 Nd5 24. Kf3 b4 25. c3 a5 26. Rc1 bxc3 27.
Nxc3 Nxc3 28. Rxc3 Rxc3+ 29. bxc3 Rc8 30. Rxd7 Rxc3+ 31. Ke2 h6 32. Rd8+ Kh7
33. Rd3 Rc2+ 34. Rd2 Rc4 35. Kd3 Ra4 36. Ke3 g5 37. fxg5 hxg5 38. Rf2 Kg6 39.
Rf6+ Kg7 40. Rf2 Rb4 41. Kd3 a4 42. Rc2 Kg6 43. Re2 Kf5 44. h3 a3 45. Rf2+ Kxe5
46. Rxf7 Rb2 47. Ra7 Rxa2 48. Ra5+ Kf6 49. h4 g4 50. Ke4 Ra1 1/2-1/2

[Event "St Petersburg Summer op"]
[Site "St Petersburg"]
[Date "2017.08.18"]
[Round "3"]
[White "Kamsky, Gata"]
[Black "Kuprijanov, Anatoly"]
[Result "1-0"]
[WhiteElo "2678"]
[BlackElo "2270"]
[PlyCount "61"]
[EventDate "2017.08.16"]
[EventType "swiss"]
[EventRounds "9"]
[EventCountry "RUS"]
[SourceTitle "CBM 180 Extra"]
[Source "ChessBase"]
[SourceDate "2017.10.06"]
[SourceVersion "1"]
[SourceVersionDate "2017.10.06"]
[SourceQuality "1"]

1. e4 c6 2. d4 d5 3. e5 Bf5 4. h4 h6 5. Bd3 Bxd3 6. Qxd3 e6 7. Nf3 Qa5+ 8. Nbd2
Qa6 9. c4 Ne7 10. b3 Nd7 11. O-O c5 12. Bb2 Nc6 13. Qe3 Nxd4 14. Nxd4 cxd4 15.
Qxd4 dxc4 16. Nxc4 Bc5 17. Qg4 O-O 18. Rfd1 Nb6 19. Nd6 Nd5 20. Rxd5 exd5 21.
e6 d4 22. Nf5 g6 23. Nxh6+ Kh7 24. Nxf7 Qd3 25. h5 Kg7 26. Rd1 Qf5 27. Bxd4+
Bxd4 28. Qxd4+ Kh7 29. g4 Qc2 30. hxg6+ Kxg6 31. Qd5 1-0

[Event "St Petersburg Summer op"]
[Site "St Petersburg"]
[Date "2017.08.19"]
[Round "4"]
[White "Tran, Minh Thang"]
[Black "Kamsky, Gata"]
[Result "0-1"]
[WhiteElo "2367"]
[BlackElo "2678"]
[PlyCount "68"]
[EventDate "2017.08.16"]
[EventType "swiss"]
[EventRounds "9"]
[EventCountry "RUS"]
[SourceTitle "CBM 180 Extra"]
[Source "ChessBase"]
[SourceDate "2017.10.06"]
[SourceVersion "1"]
[SourceVersionDate "2017.10.06"]
[SourceQuality "1"]

1. d4 Nf6 2. c4 e6 3. Nc3 Bb4 4. e3 O-O 5. Nge2 d5 6. a3 Bd6 7. Ng3 c6 8. Bd3
e5 9. dxe5 Bxe5 10. Qc2 Re8 11. O-O h5 12. Rd1 h4 13. Nf1 h3 14. g3 Bg4 15. Be2
Qc8 16. f3 Be6 17. b3 Bf5 18. Bd3 Bxd3 19. Qxd3 Nbd7 20. cxd5 Bxc3 21. Qxc3 Ne5
22. Nd2 Nxd5 23. Qd4 Qf5 24. Bb2 Qxf3 25. Nxf3 Nxf3+ 26. Kf2 Nxd4 27. Bxd4 Re4
28. Kf3 f5 29. g4 Rxg4 30. Rg1 Re8 31. Rxg4 fxg4+ 32. Ke2 c5 33. Bxc5 Nc3+ 34.
Kd3 Ne4 0-1

[Event "St Petersburg Summer op"]
[Site "St Petersburg"]
[Date "2017.08.20"]
[Round "5"]
[White "Kamsky, Gata"]
[Black "Elistratov, Semen"]
[Result "1-0"]
[WhiteElo "2678"]
[BlackElo "2406"]
[PlyCount "89"]
[EventDate "2017.08.16"]
[EventType "swiss"]
[EventRounds "9"]
[EventCountry "RUS"]
[SourceTitle "CBM 180 Extra"]
[Source "ChessBase"]
[SourceDate "2017.10.06"]
[SourceVersion "1"]
[SourceVersionDate "2017.10.06"]
[SourceQuality "1"]

1. d4 Nf6 2. Nf3 d5 3. c4 e6 4. g3 dxc4 5. Bg2 a6 6. O-O Nc6 7. Bg5 h6 8. Bxf6
Qxf6 9. e3 e5 10. d5 e4 11. dxc6 exf3 12. Qxf3 Qxf3 13. Bxf3 b6 14. Nc3 Be6 15.
Rfd1 Bd6 16. Nd5 Be5 17. Rac1 b5 18. b3 cxb3 19. axb3 O-O 20. Ne7+ Kh8 21. Bd5
Bg4 22. f3 Bf6 23. Ng6+ fxg6 24. fxg4 a5 25. Kg2 a4 26. bxa4 bxa4 27. Rc2 Rfd8
28. e4 a3 29. Rdd2 Rdb8 30. h4 g5 31. h5 Rb2 32. Ba2 Rab8 33. Kf3 Be5 34. Rxb2
axb2 35. Rd5 Rf8+ 36. Ke3 Bxg3 37. e5 Rb8 38. Bb1 Kg8 39. Ke4 Kh8 40. e6 Re8
41. Rd7 Bf4 42. Kd5 Kg8 43. Bg6 Kf8 44. e7+ Kg8 45. Rd8 1-0

[Event "St Petersburg Summer op"]
[Site "St Petersburg"]
[Date "2017.08.21"]
[Round "6"]
[White "Lobanov, Sergei"]
[Black "Kamsky, Gata"]
[Result "1/2-1/2"]
[WhiteElo "2427"]
[BlackElo "2678"]
[PlyCount "80"]
[EventDate "2017.08.16"]
[EventType "swiss"]
[EventRounds "9"]
[EventCountry "RUS"]
[SourceTitle "CBM 180 Extra"]
[Source "ChessBase"]
[SourceDate "2017.10.06"]
[SourceVersion "1"]
[SourceVersionDate "2017.10.06"]
[SourceQuality "1"]

1. e4 e5 2. Nf3 Nf6 3. d4 Nxe4 4. Bd3 d5 5. dxe5 Nc5 6. Be2 Be7 7. Be3 O-O 8.
O-O Nc6 9. Nc3 Be6 10. a3 a6 11. Qe1 Qc8 12. Rd1 Rd8 13. h3 Ne4 14. Bf4 Nxc3
15. Qxc3 Bf5 16. Bd3 Be4 17. Bxe4 dxe4 18. Nd4 Nxd4 19. Rxd4 Rxd4 20. Qxd4 Qf5
21. Qe3 Rd8 22. Re1 g5 23. Bg3 h5 24. h4 Qg4 25. hxg5 Bxg5 26. Qxe4 Rd1 27. f4
Rxe1+ 28. Qxe1 Bxf4 29. Bxf4 Qxf4 30. e6 fxe6 31. Qxe6+ Kg7 32. Qd7+ Kh6 33.
Qe6+ Kg7 34. Qe7+ Kh6 35. Qe6+ Kg7 36. Qe7+ Kh6 37. Qe6+ Kg7 38. Qe7+ Kh6 39.
Qe6+ Kg7 40. Qe7+ Kh6 1/2-1/2

[Event "St Petersburg Summer op"]
[Site "St Petersburg"]
[Date "2017.08.22"]
[Round "7"]
[White "Kamsky, Gata"]
[Black "Golubev, Roman"]
[Result "1-0"]
[WhiteElo "2678"]
[BlackElo "2404"]
[PlyCount "61"]
[EventDate "2017.08.16"]
[EventType "swiss"]
[EventRounds "9"]
[EventCountry "RUS"]
[SourceTitle "CBM 180 Extra"]
[Source "ChessBase"]
[SourceDate "2017.10.06"]
[SourceVersion "1"]
[SourceVersionDate "2017.10.06"]
[SourceQuality "1"]

1. g3 Nf6 2. Bg2 d5 3. f4 c5 4. Nf3 Nc6 5. d3 g6 6. O-O Bg7 7. Qe1 O-O 8. Na3
e5 9. e4 exf4 10. gxf4 Re8 11. e5 Ng4 12. Nb5 Bf8 13. Bd2 Nh6 14. c4 d4 15. Qh4
Nf5 16. Qxd8 Rxd8 17. Nc7 Rb8 18. Ng5 h6 19. Ne4 Be6 20. Kf2 Rbc8 21. Nxe6 fxe6
22. Ke2 Kf7 23. Rg1 Be7 24. a3 a5 25. Ng3 b6 26. Nxf5 gxf5 27. Bf3 Ke8 28. Rg7
Kd7 29. Rag1 Rh8 30. Be1 Rce8 31. Bh4 1-0

[Event "St Petersburg Summer op"]
[Site "St Petersburg"]
[Date "2017.08.23"]
[Round "8"]
[White "Samusenko, Maksim"]
[Black "Kamsky, Gata"]
[Result "1/2-1/2"]
[WhiteElo "2372"]
[BlackElo "2678"]
[PlyCount "54"]
[EventDate "2017.08.16"]
[EventType "swiss"]
[EventRounds "9"]
[EventCountry "RUS"]
[SourceTitle "CBM 180 Extra"]
[Source "ChessBase"]
[SourceDate "2017.10.06"]
[SourceVersion "1"]
[SourceVersionDate "2017.10.06"]
[SourceQuality "1"]

1. d4 Nf6 2. Bf4 g6 3. Nc3 d5 4. Nf3 Bg7 5. e3 Bg4 6. Be2 c6 7. h3 Bxf3 8. Bxf3
Nbd7 9. O-O O-O 10. e4 dxe4 11. Nxe4 Nxe4 12. Bxe4 e5 13. dxe5 Bxe5 14. Be3 Re8
15. Bf3 Nb6 16. Qxd8 Raxd8 17. Bxb6 axb6 18. c3 Rd2 19. Rab1 b5 20. Rfd1 Red8
21. Kf1 Kf8 22. Rxd2 Rxd2 23. Re1 Bf6 24. Re2 Rd1+ 25. Re1 Rd2 26. Re2 Rd1+ 27.
Re1 Rd2 1/2-1/2

[Event "St Petersburg Summer op"]
[Site "St Petersburg"]
[Date "2017.08.24"]
[Round "9"]
[White "Kamsky, Gata"]
[Black "Iljiushenok, Ilia"]
[Result "1-0"]
[WhiteElo "2678"]
[BlackElo "2522"]
[PlyCount "81"]
[EventDate "2017.08.16"]
[EventType "swiss"]
[EventRounds "9"]
[EventCountry "RUS"]
[SourceTitle "CBM 180 Extra"]
[Source "ChessBase"]
[SourceDate "2017.10.06"]
[SourceVersion "1"]
[SourceVersionDate "2017.10.06"]
[SourceQuality "1"]

1. c4 Nf6 2. Nc3 g6 3. g3 Bg7 4. Bg2 O-O 5. e4 d6 6. Nge2 c5 7. d3 Nc6 8. O-O
a6 9. h3 Rb8 10. f4 Nd7 11. a4 b6 12. f5 Nde5 13. Ra3 Nb4 14. Nf4 e6 15. g4 Bd7
16. Kh1 Re8 17. Nce2 Bc6 18. Bd2 b5 19. cxb5 axb5 20. a5 d5 21. d4 Nc4 22. dxc5
Nxa3 23. bxa3 Na6 24. fxe6 fxe6 25. exd5 exd5 26. Bb4 Nxb4 27. axb4 Re4 28.
Bxe4 dxe4 29. Qb3+ Kh8 30. Rd1 e3+ 31. Kg1 Qe8 32. Ne6 Qe7 33. Qxe3 Re8 34. Rd6
Bd7 35. N2f4 Bc8 36. a6 Kg8 37. Qb3 Kh8 38. Qd5 Qh4 39. Kg2 Bxe6 40. Rxe6 Rf8
41. a7 1-0

[Event "St Petersburg rapid"]
[Site "St Petersburg"]
[Date "2017.08.26"]
[Round "1"]
[White "Kamsky, Gata"]
[Black "Kostoglodova, Nina"]
[Result "1-0"]
[WhiteElo "2678"]
[BlackElo "1963"]
[PlyCount "79"]
[EventDate "2017.08.26"]
[EventType "swiss (rapid)"]
[EventRounds "11"]
[EventCountry "RUS"]
[SourceTitle "CBM 180 Extra"]
[Source "ChessBase"]
[SourceDate "2017.10.06"]
[SourceVersion "1"]
[SourceVersionDate "2017.10.06"]
[SourceQuality "1"]

1. e4 c6 2. d4 d5 3. e5 Bf5 4. h4 h6 5. Bd3 Bxd3 6. Qxd3 e6 7. Nf3 Nd7 8. O-O
Ne7 9. Nbd2 c5 10. c3 Nc6 11. a3 c4 12. Qe2 Be7 13. g3 g5 14. h5 Qc7 15. Nh2
O-O-O 16. Ng4 Rdf8 17. Nf3 Nd8 18. Kg2 f5 19. exf6 Nxf6 20. Nfe5 Nxg4 21. Qxg4
Rhg8 22. Bd2 Bd6 23. Ng6 Rf6 24. Rae1 Qd7 25. f4 Nf7 26. fxg5 Rxf1 27. Kxf1
Nxg5 28. Bxg5 hxg5 29. Qxe6 Qxe6 30. Rxe6 Kd7 31. Rf6 Rg7 32. g4 b5 33. Rf5 Bf4
34. Nxf4 gxf4 35. Rxd5+ Ke6 36. Re5+ Kd6 37. g5 a6 38. h6 Rh7 39. Kf2 Kc6 40.
Kf3 1-0

[Event "St Petersburg rapid"]
[Site "St Petersburg"]
[Date "2017.08.26"]
[Round "2"]
[White "Pashinsky, Mikhail"]
[Black "Kamsky, Gata"]
[Result "1/2-1/2"]
[WhiteElo "2245"]
[BlackElo "2678"]
[PlyCount "81"]
[EventDate "2017.08.26"]
[EventType "swiss (rapid)"]
[EventRounds "11"]
[EventCountry "RUS"]
[SourceTitle "CBM 180 Extra"]
[Source "ChessBase"]
[SourceDate "2017.10.06"]
[SourceVersion "1"]
[SourceVersionDate "2017.10.06"]
[SourceQuality "1"]

1. e4 c5 2. Nc3 e6 3. Nge2 a6 4. g3 b5 5. Bg2 Bb7 6. O-O Nc6 7. d4 cxd4 8. Nxd4
Nxd4 9. Qxd4 Ne7 10. Bf4 Rc8 11. Bd6 Nc6 12. Qd2 Bxd6 13. Qxd6 Qc7 14. Rfd1
Qxd6 15. Rxd6 Ne5 16. Rb6 Rc7 17. Bf1 Ke7 18. a4 Bc6 19. f4 Ng4 20. h3 Nf6 21.
Bd3 bxa4 22. e5 Nd5 23. Nxd5+ exd5 24. Bxa6 Ra8 25. Kf2 Rxa6 26. Rxa6 Bb5 27.
Rb6 Rxc2+ 28. Ke3 Bc6 29. f5 f6 30. exf6+ Kxf6 31. Rxa4 Kxf5 32. Rf4+ Ke5 33.
Rg4 g6 34. Rb8 Rg2 35. Re8+ Kd6 36. Rb8 Ke5 37. Re8+ Kd6 38. Rh8 Ke5 39. Re8+
Kd6 40. Rh8 Ke5 41. Re8+ 1/2-1/2

[Event "St Petersburg rapid"]
[Site "St Petersburg"]
[Date "2017.08.26"]
[Round "4"]
[White "Novik, Maxim"]
[Black "Kamsky, Gata"]
[Result "0-1"]
[WhiteElo "2458"]
[BlackElo "2678"]
[PlyCount "70"]
[EventDate "2017.08.26"]
[EventType "swiss (rapid)"]
[EventRounds "11"]
[EventCountry "RUS"]
[SourceTitle "CBM 180 Extra"]
[Source "ChessBase"]
[SourceDate "2017.10.06"]
[SourceVersion "1"]
[SourceVersionDate "2017.10.06"]
[SourceQuality "1"]

1. Nf3 Nf6 2. g3 g6 3. Bg2 Bg7 4. O-O O-O 5. c4 c6 6. d4 d5 7. cxd5 cxd5 8. Ne5
e6 9. Nc3 Nfd7 10. Nf3 Nc6 11. Bf4 Nf6 12. Rc1 Bd7 13. Ne5 Qe7 14. Nxc6 Bxc6
15. Be5 Rfc8 16. Qd3 Bf8 17. Rc2 Nd7 18. Bf4 Bg7 19. Rfc1 Qb4 20. e4 dxe4 21.
Nxe4 Rd8 22. Nd6 e5 23. Bxc6 bxc6 24. Bg5 Qxd6 25. Bxd8 Rxd8 26. Rxc6 Qxd4 27.
Qxd4 exd4 28. Rc8 Rf8 29. R1c7 Nb6 30. Rxf8+ Kxf8 31. Rxa7 Nc4 32. a4 Ke8 33.
Kf1 d3 34. Ke1 Bxb2 35. Rc7 Bc3+ 0-1

[Event "St Petersburg rapid"]
[Site "St Petersburg"]
[Date "2017.08.26"]
[Round "5"]
[White "Kamsky, Gata"]
[Black "Henriquez Villagra, Cristobal"]
[Result "1-0"]
[WhiteElo "2678"]
[BlackElo "2500"]
[PlyCount "81"]
[EventDate "2017.08.26"]
[EventType "swiss (rapid)"]
[EventRounds "11"]
[EventCountry "RUS"]
[SourceTitle "CBM 180 Extra"]
[Source "ChessBase"]
[SourceDate "2017.10.06"]
[SourceVersion "1"]
[SourceVersionDate "2017.10.06"]
[SourceQuality "1"]

1. d4 Nf6 2. Nf3 g6 3. Bf4 Bg7 4. c3 O-O 5. h3 d6 6. Nbd2 b6 7. e3 Bb7 8. a4 a5
9. Bb5 Nbd7 10. O-O Ne4 11. Nxe4 Bxe4 12. Nd2 Bb7 13. e4 e5 14. dxe5 Nxe5 15.
Bg3 Nd7 16. Re1 Nc5 17. f3 Qg5 18. Nf1 Be5 19. Bf2 f5 20. b4 fxe4 21. h4 Qf6
22. bxc5 exf3 23. c6 fxg2 24. Qd5+ Kg7 25. Qxg2 Bc8 26. Rxe5 dxe5 27. Ne3 Be6
28. Bg3 Rae8 29. Rf1 Qe7 30. Bxe5+ Kg8 31. Rxf8+ Rxf8 32. Qg3 Rf7 33. h5 g5 34.
h6 Kf8 35. Bg7+ Ke8 36. Qe5 Kd8 37. Bd3 g4 38. Bxh7 Qh4 39. Nf5 Qg5 40. Qxe6
Qc1+ 41. Kg2 1-0

[Event "St Petersburg rapid"]
[Site "St Petersburg"]
[Date "2017.08.27"]
[Round "6"]
[White "Lintchevski, Daniil"]
[Black "Kamsky, Gata"]
[Result "1/2-1/2"]
[WhiteElo "2569"]
[BlackElo "2678"]
[PlyCount "102"]
[EventDate "2017.08.26"]
[EventType "swiss (rapid)"]
[EventRounds "11"]
[EventCountry "RUS"]
[SourceTitle "CBM 180 Extra"]
[Source "ChessBase"]
[SourceDate "2017.10.06"]
[SourceVersion "1"]
[SourceVersionDate "2017.10.06"]
[SourceQuality "1"]

1. Nf3 Nf6 2. c4 b6 3. g3 Bb7 4. Bg2 e6 5. O-O c5 6. Nc3 Be7 7. d4 cxd4 8. Qxd4
a6 9. Bg5 h6 10. Bxf6 Bxf6 11. Qf4 O-O 12. Rfd1 Ra7 13. Rac1 Ba8 14. b3 Qc7 15.
Qd2 Bxf3 16. Bxf3 Be7 17. Qb2 Nc6 18. Bg2 Ne5 19. e3 Qb8 20. Ne2 Rc8 21. Nd4 b5
22. cxb5 Rxc1 23. Qxc1 axb5 24. Qd2 b4 25. Rc1 Rc7 26. Rxc7 Qxc7 27. Nc2 Qc5
28. h3 d5 29. e4 dxe4 30. Bxe4 g5 31. Ne3 Kg7 32. Ng4 h5 33. Nxe5 Qxe5 34. Bf3
h4 35. gxh4 gxh4 36. Qe2 Qg5+ 37. Kf1 Bc5 38. Qc4 Kf8 39. Qg4 Qf6 40. Kg2 Ke7
41. Qe4 Qg5+ 42. Qg4 Kf6 43. Qxg5+ Kxg5 44. Bc6 Kf4 45. Kf1 e5 46. Ke2 e4 47.
Be8 f5 48. Bd7 Ke5 49. f3 e3 50. Kd3 Kf4 51. Ke2 Ke5 1/2-1/2

[Event "St Petersburg rapid"]
[Site "St Petersburg"]
[Date "2017.08.27"]
[Round "7"]
[White "Kamsky, Gata"]
[Black "Shimanov, Aleksandr"]
[Result "1/2-1/2"]
[WhiteElo "2678"]
[BlackElo "2646"]
[PlyCount "119"]
[EventDate "2017.08.26"]
[EventType "swiss (rapid)"]
[EventRounds "11"]
[EventCountry "RUS"]
[SourceTitle "CBM 180 Extra"]
[Source "ChessBase"]
[SourceDate "2017.10.06"]
[SourceVersion "1"]
[SourceVersionDate "2017.10.06"]
[SourceQuality "1"]

1. e4 c6 2. d4 d5 3. e5 Bf5 4. Nf3 e6 5. Be2 c5 6. Be3 Qb6 7. Nc3 Nc6 8. Na4
Qa5+ 9. c3 cxd4 10. Nxd4 Nxd4 11. Bxd4 Ne7 12. b4 Qc7 13. Nc5 Nc6 14. Qa4 Bxc5
15. Bxc5 Qxe5 16. Bd4 Qe4 17. f3 Qc2 18. Qxc2 Bxc2 19. Kd2 Nxd4 20. cxd4 Bg6
21. Rac1 Kd7 22. h4 h6 23. Rc5 Rhc8 24. Rhc1 Rxc5 25. Rxc5 Kd6 26. g3 f6 27.
Bd1 Be8 28. f4 b6 29. Rc3 Bd7 30. Be2 a5 31. Ra3 Bc6 32. bxa5 Rxa5 33. Rxa5
bxa5 34. Ke3 e5 35. fxe5+ fxe5 36. a3 Ke6 37. Bf3 Kf6 38. Be2 Ba4 39. Ba6 Bb3
40. Bc8 e4 41. Kf4 g5+ 42. hxg5+ hxg5+ 43. Ke3 Ke7 44. Bf5 Kd6 45. Bg6 Kc6 46.
Be8+ Kb6 47. Kd2 Bc4 48. Bd7 Bb5 49. Bg4 Bc6 50. Be2 Bd7 51. Ke3 Be8 52. Kd2
Bb5 53. Bg4 Ba4 54. Bh5 Bd7 55. Be2 Bc8 56. Ke3 Ba6 57. Bg4 Kc6 58. Bh5 Bd3 59.
Be8+ Kd6 60. Kd2 1/2-1/2

[Event "St Petersburg rapid"]
[Site "St Petersburg"]
[Date "2017.08.27"]
[Round "8"]
[White "Yudin, Sergei"]
[Black "Kamsky, Gata"]
[Result "1/2-1/2"]
[WhiteElo "2517"]
[BlackElo "2678"]
[PlyCount "99"]
[EventDate "2017.08.26"]
[EventType "swiss (rapid)"]
[EventRounds "11"]
[EventCountry "RUS"]
[SourceTitle "CBM 180 Extra"]
[Source "ChessBase"]
[SourceDate "2017.10.06"]
[SourceVersion "1"]
[SourceVersionDate "2017.10.06"]
[SourceQuality "1"]

1. e4 c5 2. Nf3 e6 3. c3 d5 4. exd5 exd5 5. d4 c4 6. b3 cxb3 7. axb3 Bd6 8. Bd3
Ne7 9. O-O O-O 10. Re1 Nbc6 11. Nbd2 Bf5 12. Nf1 a6 13. Bg5 f6 14. Bh4 Qd7 15.
Bg3 Rfe8 16. Ne3 Bxd3 17. Qxd3 Rac8 18. Bxd6 Qxd6 19. g3 Qd7 20. Kg2 Na7 21. c4
Nac6 22. c5 Nb4 23. Qd2 Nbc6 24. Qd3 Nb4 25. Qd2 Nbc6 26. Qd3 Rb8 27. h3 b6 28.
Rec1 Nb4 29. Qd2 a5 30. cxb6 Nbc6 31. Rc5 Rxb6 32. Qc3 Reb8 33. Nd2 Rb4 34. Nc2
R4b5 35. Ne3 Qd6 36. Nxd5 Rxc5 37. Nxe7+ Qxe7 38. Qxc5 Qxc5 39. dxc5 Rb5 40.
Rc1 Kf7 41. Kf3 Ke6 42. Ke4 f5+ 43. Kf4 Kf6 44. h4 Nd4 45. Ke3 Nc6 46. Rc3 Ke6
47. Kf4 Kf6 48. Ke3 Ke6 49. Kf4 Kf6 50. Ke3 1/2-1/2

[Event "St Petersburg rapid"]
[Site "St Petersburg"]
[Date "2017.08.27"]
[Round "9"]
[White "Kamsky, Gata"]
[Black "Sarana, Alexey"]
[Result "1-0"]
[WhiteElo "2678"]
[BlackElo "2540"]
[PlyCount "71"]
[EventDate "2017.08.26"]
[EventType "swiss (rapid)"]
[EventRounds "11"]
[EventCountry "RUS"]
[SourceTitle "CBM 180 Extra"]
[Source "ChessBase"]
[SourceDate "2017.10.06"]
[SourceVersion "1"]
[SourceVersionDate "2017.10.06"]
[SourceQuality "1"]

1. d4 Nf6 2. Nf3 d5 3. Bf4 c5 4. e3 Nc6 5. Nbd2 e6 6. c3 cxd4 7. exd4 Nh5 8.
Be3 Bd6 9. Ne5 g6 10. f4 f6 11. Nd3 O-O 12. Nf3 b6 13. Be2 Qc7 14. g3 Ba6 15.
O-O Rae8 16. Qd2 Ng7 17. Nh4 Na5 18. b3 Rc8 19. Rac1 Qe7 20. Rfe1 Rc7 21. Nf2
Bxe2 22. Qxe2 Ba3 23. Rc2 Rfc8 24. Qd3 Nc6 25. Rce2 Bd6 26. Bd2 Nd8 27. Ng4 Kh8
28. Nxg6+ hxg6 29. Qxg6 Nf5 30. Rxe6 Nxe6 31. Qxf5 Ng7 32. Qg6 f5 33. Rxe7 Bxe7
34. Ne3 Rc6 35. Qf7 Ba3 36. Nxd5 1-0

[Event "St Petersburg rapid"]
[Site "St Petersburg"]
[Date "2017.08.27"]
[Round "10"]
[White "Kamsky, Gata"]
[Black "Alekseev, Evgeny V"]
[Result "1-0"]
[WhiteElo "2678"]
[BlackElo "2614"]
[PlyCount "125"]
[EventDate "2017.08.26"]
[EventType "swiss (rapid)"]
[EventRounds "11"]
[EventCountry "RUS"]
[SourceTitle "CBM 180 Extra"]
[Source "ChessBase"]
[SourceDate "2017.10.06"]
[SourceVersion "1"]
[SourceVersionDate "2017.10.06"]
[SourceQuality "1"]

1. d4 Nf6 2. Bf4 d5 3. e3 c5 4. c3 Nc6 5. Nd2 Bf5 6. Qb3 Qc8 7. Ngf3 e6 8. a4
Be7 9. Be2 h6 10. h3 O-O 11. a5 a6 12. O-O Ne4 13. Nxe4 Bxe4 14. Nd2 Bg6 15.
Rfc1 Qd7 16. Qa4 Rfc8 17. Nb3 c4 18. Nd2 Bd8 19. b4 Be7 20. e4 Rd8 21. exd5
exd5 22. Bf3 Na7 23. Qd1 Nb5 24. Nf1 Bf5 25. Qd2 Bf8 26. Ne3 Be6 27. Re1 Qc6
28. h4 Bd6 29. Bxd6 Nxd6 30. g3 f5 31. Ng2 Ne4 32. Qc1 Bf7 33. h5 Re8 34. Nf4
Qf6 35. Ra2 Re7 36. Rae2 Rae8 37. Re3 Qg5 38. Kg2 Qf6 39. Qb2 Qc6 40. Bd1 Kf8
41. Qa3 Nd6 42. Rxe7 Rxe7 43. Rxe7 Kxe7 44. Ba4 Qc7 45. Qc1 Ne4 46. Qe3 Kd8 47.
f3 Nf6 48. Bc2 Nxh5 49. Nxh5 Bxh5 50. Bxf5 Be8 51. Qe6 Bf7 52. Qe5 g6 53. Qh8+
Ke7 54. Bc2 h5 55. f4 Qd6 56. Kf3 Qd7 57. Qe5+ Kf8 58. f5 gxf5 59. Kf4 Kg8 60.
Bxf5 Qd8 61. Bh3 Kh7 62. Qf5+ Bg6 63. Qd7+ 1-0

[Event "St Petersburg rapid"]
[Site "St Petersburg"]
[Date "2017.08.27"]
[Round "11"]
[White "Ponkratov, Pavel"]
[Black "Kamsky, Gata"]
[Result "1/2-1/2"]
[WhiteElo "2590"]
[BlackElo "2678"]
[PlyCount "57"]
[EventDate "2017.08.26"]
[EventType "swiss (rapid)"]
[EventRounds "11"]
[EventCountry "RUS"]
[SourceTitle "CBM 180 Extra"]
[Source "ChessBase"]
[SourceDate "2017.10.06"]
[SourceVersion "1"]
[SourceVersionDate "2017.10.06"]
[SourceQuality "1"]

1. e4 c5 2. Nf3 e6 3. d4 cxd4 4. Nxd4 a6 5. c4 Qc7 6. Nc3 Nf6 7. Be2 b6 8. f4
Bb7 9. e5 Ne4 10. Nxe4 Bxe4 11. Bf3 Bxf3 12. Qxf3 Bb4+ 13. Kf2 Ra7 14. Be3 O-O
15. Rhc1 f6 16. exf6 Rxf6 17. Kg1 Bc5 18. Kh1 Qb7 19. Qxb7 Rxb7 20. Rd1 Nc6 21.
g3 Nxd4 22. Bxd4 Bxd4 23. Rxd4 Kf7 24. Kg2 Rf5 25. a4 Ke7 26. Ra3 Rc7 27. Rb3
Rc6 28. Rbd3 Rc7 29. Rb3 1/2-1/2